000 01037nam a2200277 i 4500
001 180253
003 ES-MaACL
005 20231224062934.0
008 120521s2009 sp |||| | spa d
020 _a978-84-96452-66-4
080 _a821.134.2-31"19"
100 1 _aBaroja, Pío,
_d1872-1956
_925752
245 1 3 _aLa raza
_b; Las ciudades /
_cPio Baroja ; edición de Magdalena de Pazzi Cueto.
260 _aMadrid :
_bFundación José Antonio de Castro,
_c2009.
300 _aLXI, 1252 p. ;
_c22 cm.
490 1 _aBiblioteca Castro
490 1 _aTrilogías ;
_v3
504 _aBibliografía: p. LXI.
505 8 _aContiene: ;
_tLa raza: ;
_tLa dama errante ;
_tLa ciudad de la niebla ;
_tEl árbol de la ciencia - ;
_tLas ciudades: ;
_tCésar o nada ;
_tEl mundo es ansí ;
_tLa sensualidad pervertida
700 1 _aPazzi Cueto, Magdalena de.
_9150058
740 4 2 _aLas ciudades.
830 0 _aBiblioteca Castro
_9178957
830 0 _aTrilogías ;
_v3
_9191229
852 _aES-MaACL
_jL-29878
999 _c180253
_d180253